Foreign language I : basic French for Hospitality Management and Tourism I / (Record no. 82664)

MARC details
000 -LEADER
fixed length control field 00667nam a22002057a 4500
003 - CONTROL NUMBER IDENTIFIER
control field URS
005 - DATE AND TIME OF LATEST TRANSACTION
control field 20250424201852.0
008 - FIXED-LENGTH DATA ELEMENTS--GENERAL INFORMATION
fixed length control field 250129b |||||||| |||| 00| 0 eng d
020 ## - INTERNATIONAL STANDARD BOOK NUMBER
International Standard Book Number 9786210441017
040 ## - CATALOGING SOURCE
Transcribing agency URS
050 ## - LIBRARY OF CONGRESS CALL NUMBER
Classification number FIL PC 2001 .To591 2022
082 ## - DEWEY DECIMAL CLASSIFICATION NUMBER
Edition number 1st ed.
100 ## - MAIN ENTRY--PERSONAL NAME
Relator code author
Personal name Tomas, Maria Gladys G.
245 ## - TITLE STATEMENT
Title Foreign language I : basic French for Hospitality Management and Tourism I /
Statement of responsibility, etc. Maria Gladys G. Tomas.
260 ## - PUBLICATION, DISTRIBUTION, ETC.
Place of publication, distribution, etc. Manila, Philippines ; Rex Book Store, 2022
300 ## - PHYSICAL DESCRIPTION
Extent xxiv, 223 p ; 30 cm
504 ## - BIBLIOGRAPHY, ETC. NOTE
Bibliography, etc. note Includes bibliography.
650 ## - SUBJECT ADDED ENTRY--TOPICAL TERM
Topical term or geographic name entry element French language -- Textbooks for foreign speakers -- English.
942 ## - ADDED ENTRY ELEMENTS (KOHA)
Source of classification or shelving scheme Library of Congress Classification
Koha item type Filipiniana
Holdings
Withdrawn status Source of classification or shelving scheme Damaged status Not for loan Home library Current library Date acquired Source of acquisition Total Checkouts Full call number Barcode Date last seen Price effective from Koha item type
  Library of Congress Classification     Angono College Library Angono College Library 12/12/2024 Library Fund   FIL PC 2001 .To591 2022 c4 URSANG-7621 04/24/2025 04/24/2025 Filipiniana
  Library of Congress Classification     Angono College Library Angono College Library 12/12/2024 Library Fund   FIL PC 2001 .To591 2022 c1 URSANG-7618 04/24/2025 04/24/2025 Filipiniana
  Library of Congress Classification     Angono College Library Angono College Library 12/12/2024 Library Fund   FIL PC 2001 .To591 2022 c2 URSANG-7619 04/24/2025 04/24/2025 Filipiniana
  Library of Congress Classification     Angono College Library Angono College Library 12/12/2024 Library Fund   FIL PC 2001 .To591 2022 c3 URSANG-7620 04/24/2025 04/24/2025 Filipiniana

University of Rizal System
Email us at univlibservices@urs.edu.ph

Visit our Website www.urs.edu.ph/library